[Event "6th Sinquefield Cup GCT 2018"]
[Site "Saint Louis"]
[Date "2018.08.20"]
[Round "3"]
[White "Mamedyarov, Shakhriyar"]
[Black "Caruana, Fabiano"]
[Result "1/2-1/2"]
[WhiteElo "2801"]
[BlackElo "2822"]
[Annotator "TA"]
[PlyCount "121"]
[EventDate "2018.08.18"]
[EventType "tourn"]
[EventCountry "USA"]
[SourceTitle "playchess.com"]
[Source "ChessBase"]
[SourceQuality "1"]

{[%evp 19,121,37,29,32,48,11,15,12,19,12,26,22,18,0,0,0,0,0,0,0,0,0,0,0,0,0,0,0,0,-3,0,0,0,0,0,0,0,0,0,0,0,0,0,0,0,0,0,-36,0,-13,0,0,0,0,-2,-6,0,0,0,0,0,0,0,0,0,0,0,0,0,0,0,0,0,0,0,0,0,0,0,0,0,0,0,0,0,0,0,0,0,0,0,0,0,0,0,0,0,0,0,0,0,0,0,0]} 1. d4 Nf6 2. c4 e6 3. Nf3 d5 4. Nc3 dxc4 5. e4 b5 (5... Bb4 6. Bxc4 Nxe4 7. O-O Nf6 8. Qa4+ Nc6 9. Ne5 Rb8 10. d5 exd5 11. Nxd5 Nxd5 12. Nxc6 bxc6 13. Qxc6+ Qd7 14. Bxd5 {½-½ (28) Aronian,L (2764)-Caruana,F (2822) Stavanger 2018}) 6. e5 {D24: Queen's Gambit Accepted: 3 Nf3 Nf6 4 Nc3} Nd5 7. Nxb5 Nb6 8. Be2 Nc6 9. O-O Be7 10. Be3 O-O {LiveBook: 15 Games} 11. Nc3 Rb8 $146 ({Predecessor:} 11... Bb7 12. Na4 Na5 13. Bd2 {½-½ (51) Sjugirov,S (2650)-Grachev,B (2654) Sochi 2017}) 12. a3 Bb7 13. Qc2 Na5 14. Rad1 h6 15. Nd2 Qd7 16. f4 Nd5 17. Nxd5 Bxd5 18. Qc3 Rb5 19. Nxc4 Nxc4 20. Bxc4 Bxc4 21. Qxc4 Rxb2 22. d5 exd5 23. Rxd5 Qf5 24. a4 Rfb8 25. Rb5 c5 26. Rxb8+ Rxb8 27. Qd5 ({Avoid the trap} 27. Bxc5 $2 Rc8 $19) 27... Rd8 28. Qc4 Rb8 29. Qd5 (29. Bxc5 $2 Rc8 $19) 29... Rd8 30. Qc4 a5 31. h3 ({Don't blunder} 31. Bxc5 $2 Rc8 $19) 31... h5 32. Rc1 ({Don't go for} 32. Bxc5 $2 Rc8 $19) 32... Rd3 33. Kf2 Qg6 34. g3 {The position is equal.} Qf5 35. Rb1 Ra3 36. Rb3 Rxb3 37. Qxb3 Qxh3 {Strongly threatening ...Qh2+.} 38. Qb8+ Kh7 {[#] Threatens to win with ...Qh2+.} 39. Qc7 Qe6 40. Qxa5 h4 41. gxh4 Bxh4+ 42. Ke2 Qc4+ 43. Kd2 Qa2+ 44. Kd1 Qb1+ 45. Ke2 c4 46. Qc3 Qe4 47. Kd1 {[#] Qc2 is the strong threat.} Qf3+ 48. Kc1 Bg3 49. Qd2 c3 50. Qd4 Be1 {Hoping for ...Qe2.} 51. Qd3+ g6 52. Kc2 Qg2+ 53. Kd1 Qh1 {White must now prevent ...Bd2+.} 54. Kc2 Qc6 55. Kd1 Bg3 56. Qd4 Qf3+ 57. Kc2 Be1 {aiming for ...Qe2+.} 58. Qd3 Qc6 59. Kd1 $1 {[%cal Rd1e1]} Bg3 60. Qd4 Qf3+ 61. Kc2 {Precision: White = 84%, Black = 81%.} 1/2-1/2

[Event "6th Sinquefield Cup GCT 2018"]
[Site "Saint Louis"]
[Date "2018.08.20"]
[Round "3"]
[White "Vachier-Lagrave, Maxime"]
[Black "So, Wesley"]
[Result "1/2-1/2"]
[WhiteElo "2779"]
[BlackElo "2780"]
[Annotator "TA"]
[PlyCount "88"]
[EventDate "2018.08.18"]
[EventType "tourn"]
[EventCountry "USA"]
[SourceTitle "playchess.com"]
[Source "ChessBase"]
[SourceQuality "1"]

{[%evp 25,88,29,16,16,15,9,15,0,0,0,0,0,0,0,0,0,0,0,0,0,0,0,0,0,5,5,5,4,5,0,0,0,0,0,0,0,7,7,7,7,7,0,7,0,0,0,7,0,0,0,0,0,0,0,0,0,0,0,0,0,0,0,0,0,0]} 1. e4 {CB} e5 2. Nf3 Nc6 3. Bb5 Nf6 4. O-O Nxe4 5. d4 Nd6 6. Bxc6 dxc6 7. dxe5 Nf5 8. Qxd8+ Kxd8 9. h3 Be7 {C67: Spanische Partie (Berliner Verteidigung)} 10. Nc3 Nh4 11. Nxh4 Bxh4 12. Be3 h5 13. Rad1+ Ke8 $1 {LiveBook: 7 Partien} 14. Ne2 {Die Stellung ist ausgeglichen.} Be7 15. Rfe1 a6 16. Bf4 g5 {[#]} 17. Bh2 $146 ({Vorgänger:} 17. Be3) 17... Rh6 18. e6 Bxe6 19. Bxc7 Rc8 20. Ba5 c5 21. Nc3 Rc6 {[#] Droht ...b6 und aus.} 22. Nd5 Bxd5 23. Rxd5 {[%csl Ga5][%cal Rd5d8]} Rhe6 24. Kf1 Rxe1+ 25. Bxe1 Rd6 26. Rxd6 Bxd6 $11 {[%mdl 4096] Endspiel KL-KL} 27. g4 hxg4 28. hxg4 c4 29. Ke2 Kd7 30. Ke3 Bc5+ 31. Ke4 Ke6 $1 32. f3 b5 33. Ba5 f6 34. b3 cxb3 35. cxb3 Bf2 36. a4 Bc5 37. axb5 axb5 38. Bd2 Bb6 39. f4 gxf4 40. Bxf4 Bc5 41. Bd2 Bb6 42. Bf4 Bc5 43. Bd2 $1 Bb6 44. Bf4 Bc5 {Precision: Weiß = 70%, Schwarz = 77%.} 1/2-1/2

[Event "6th Sinquefield Cup GCT 2018"]
[Site "Saint Louis"]
[Date "2018.08.20"]
[Round "3"]
[White "Nakamura, Hikaru"]
[Black "Grischuk, Alexander"]
[Result "0-1"]
[WhiteElo "2777"]
[BlackElo "2766"]
[Annotator "TA"]
[PlyCount "178"]
[EventDate "2018.08.18"]
[EventType "tourn"]
[EventCountry "USA"]
[SourceTitle "playchess.com"]
[Source "ChessBase"]
[SourceQuality "1"]

{[%evp 24,178,0,-13,0,0,0,0,8,-17,-20,-24,-25,-20,-10,-35,-18,-42,-50,-52,-45,-86,-52,-58,-58,-64,-58,-75,-43,-61,-64,-77,-66,-70,-42,-60,-45,-52,-42,-67,-75,-69,-46,-94,-78,-98,-66,-65,-63,-80,-75,-86,-98,-95,-86,-91,-86,-244,-255,-313,-309,-285,-279,-328,-280,-266,-259,-311,-261,-299,-294,-256,-270,-259,-199,-266,-239,-246,-245,-294,-304,-387,-218,-229,-214,-335,-347,-331,-291,-300,-210,-210,-210,-210,-175,-177,-173,-173,-166,-166,-166,-166,-143,-150,0,-166,-166,-166,-180,-210,-210,-210,-200,-331,-331,-529,-331,-515,-495,-12828,-12829,-12824,-12808,-12827,-12831,-12831,-12830,-12831,-12831,-12834,-12834,-12835,-12835,-12835,-12834,-12835,-12835,-12835,-12835,-12836,-12836,-12839,-12840,-12840,-12841,-12841,-12841,-12842,-12840,-12842,-12842,-12843,-12844,-12844,-12845,-12845,-12845]} 1. e4 e5 2. Nf3 Nc6 3. Bc4 Bc5 4. d3 Nf6 5. O-O O-O 6. c3 d5 7. exd5 Nxd5 8. Re1 Bg4 9. Nbd2 Nb6 10. Bb5 Bd6 11. h3 Bh5 12. Ne4 {C55: Two Knights: 4 d3, 4 d4 exd4 5 e5 and Max Lange Attack} Re8 13. Bg5 {LiveBook: 4 Games} f6 {Threatens to win with ...Bxf3.} 14. Be3 {The position is equal.} a6 15. Bxc6 bxc6 16. Ng3 Bf7 {[#]} 17. c4 $146 {Hoping for c5.} ({Predecessor:} 17. d4 Nc4 18. dxe5 Bxe5 19. Nxe5 Rxe5 {½-½ (43) Carlsen,M (2855)-Aronian,L (2792) Leuven 2016}) 17... Bb4 18. Re2 Bf8 19. b3 c5 20. Qe1 a5 21. Rd1 a4 22. Nd2 Qd7 23. Nb1 axb3 24. axb3 Bg6 25. f3 Rad8 ({Don't go for} 25... Bxd3 $2 26. Red2 $18) 26. Qf2 Qc6 27. Red2 Nd7 {[%cal Bb6d7,Bd7f6,Bf6h5,Bh5f4][%mdl 32]} 28. Nc3 h6 29. Kh1 Kh8 30. Nb5 Bh7 31. Ra2 f5 $1 {[%cal Rf5f4]} 32. Bc1 Nf6 33. Nc3 Qb7 34. Rb2 g5 35. Rb1 Qc6 36. Bb2 Kg8 37. Nf1 Nh5 38. Nd5 Qd6 39. Ng3 c6 40. Nc3 $2 {[#]} (40. Nxh5 $17 cxd5 41. g4) 40... Nf4 $1 $19 41. Qf1 Nxd3 42. Nce2 Qe6 43. Bc3 Rd6 44. Rd2 Red8 45. Rbd1 Bg6 46. Nc1 Nxc1 47. Rxd6 Bxd6 ({Resist} 47... Rxd6 48. Rxc1 e4 49. fxe4 $19) 48. Rxc1 Rb8 49. Ra1 (49. Qe2 {was necessary.}) 49... Rxb3 50. Ra8+ Rb8 51. Ra6 Bf8 52. Qe2 Bg7 (52... e4 $142 {...Rb3 is the strong threat.} 53. Kg1 e3) 53. Ra7 {And now Rxg7+! would win.} Re8 54. h4 (54. Nf1 {is a better defense.}) 54... gxh4 55. Nf1 f4 56. Nd2 Re7 57. Rxe7 Qxe7 58. Ne4 Bf7 59. Kh2 {[#]} h3 $1 60. gxh3 Qe6 61. Qg2 Kh7 62. Qc2 {White wants to mate with Nf6+.} Kh8 63. Qb2 Kh7 ({Don't play} 63... Qxc4 64. Bxe5 Bxe5 65. Qxe5+ Kh7 66. Qxf4 $11) 64. Qc2 $1 {White threatens Nf6+ and mate.} Qg6 65. Qe2 Be6 66. Qf1 Bf5 67. Qe2 Qh5 68. Nf2 (68. Qf1 $142) 68... Qh4 69. Ne4 (69. Kg1 $142) 69... Qxh3+ 70. Kg1 Qh5 {Black is clearly winning.} 71. Be1 (71. Nd2 $142 Qg6+ 72. Kh1) 71... Bxe4 72. Qxe4+ Qg6+ 73. Kh2 Qxe4 74. fxe4 {[%mdl 4096] Endgame KB-KB} Kg6 75. Kh3 Kh5 76. Bh4 f3 77. Bf2 Bf6 78. Be1 Bg5 79. Bf2 Be7 80. Be1 Bd8 81. Bg3 Kg5 82. Bxe5 Bf6 83. Bd6 f2 84. Kg2 Bd4 85. Kf1 Kg4 86. Ke2 h5 {[%cal Bh6h5,Bh5h4,Bh4h3][%mdl 32]} 87. Kf1 h4 88. Bh2 h3 89. Ke2 {[#]} Be3 $1 {[%mdl 512] Precision: White = 46%, Black = 77%.} 0-1

[Event "6th Sinquefield Cup GCT 2018"]
[Site "Saint Louis"]
[Date "2018.08.20"]
[Round "3"]
[White "Karjakin, Sergey"]
[Black "Anand, Viswanathan"]
[Result "1/2-1/2"]
[WhiteElo "2773"]
[BlackElo "2768"]
[Annotator "TA"]
[PlyCount "74"]
[EventDate "2018.08.18"]
[EventType "tourn"]
[EventCountry "USA"]
[SourceTitle "playchess.com"]
[Source "ChessBase"]
[SourceQuality "1"]

{[%evp 30,74,10,17,9,9,16,9,18,12,18,9,10,16,16,0,0,0,0,0,0,0,0,0,0,0,0,0,0,0,0,0,0,0,0,0,0,0,0,0,0,0,0,0,0,0,0]} 1. e4 e5 2. Nf3 Nc6 3. Bb5 a6 4. Ba4 Nf6 5. O-O Nxe4 6. d4 b5 7. Bb3 d5 8. dxe5 Be6 9. Be3 Be7 10. c3 O-O 11. Nbd2 Bg4 12. Nxe4 dxe4 13. Qd5 {C83: Open Ruy Lopez: 9 c3 Be7} Qxd5 14. Bxd5 exf3 15. Bxc6 fxg2 16. Rfc1 {LiveBook: 3 Games. The position is equal.} (16. Rfe1 Rad8 17. a4 b4 18. cxb4 Bxb4 19. Rec1 Bd2 20. Bxd2 Rxd2 {½-½ (45) Caruana,F (2804)-Giri,A (2782) Paris 2016}) 16... Rab8 17. a4 b4 $1 18. cxb4 Rxb4 19. Bxg2 c5 20. Bxc5 Bxc5 21. Rxc5 Rxb2 {[#]} 22. Bf1 $146 Be2 23. Rac1 g6 24. R1c2 Rxc2 25. Rxc2 Bxf1 26. Kxf1 $11 {[%mdl 4096] Endgame KR-KR} Re8 27. Rc5 f6 28. Rc6 Rxe5 29. Rxa6 Kg7 30. Ra7+ Kh6 31. Rc7 Re4 32. Rc6 Rxa4 33. Rxf6 Rh4 34. Kg2 Rg4+ 35. Kf1 $1 Rh4 36. Kg2 Rg4+ 37. Kf1 Rh4 {Precision: White = 91%, Black = 80%.} 1/2-1/2

[Event "6th Sinquefield Cup GCT 2018"]
[Site "Saint Louis"]
[Date "2018.08.20"]
[Round "3"]
[White "Aronian, Levon"]
[Black "Carlsen, Magnus"]
[Result "1/2-1/2"]
[WhiteElo "2767"]
[BlackElo "2842"]
[Annotator "TA"]
[PlyCount "74"]
[EventDate "2018.08.18"]
[EventType "tourn"]
[EventCountry "USA"]
[SourceTitle "playchess.com"]
[Source "ChessBase"]
[SourceQuality "1"]

{[%evp 18,74,11,14,21,21,22,25,22,16,34,42,33,15,35,20,37,0,0,0,0,1,40,44,51,0,0,16,13,8,17,0,28,34,24,15,23,23,27,0,0,0,0,0,0,0,0,0,0,0,0,0,0,0,0,0,0,0,0]} 1. e4 {Yermolinsky,A} e5 2. Nf3 Nc6 3. Bc4 Bc5 4. d3 Nf6 5. O-O d6 6. c3 a6 7. Re1 {C54: Giuoco Piano: 4 c3 Nf6, main lines with 5 d4 and 5 d3} h6 8. b4 Ba7 9. a4 O-O 10. Nbd2 {[%cal Bb1d2,Bd2f1,Bf1g3][%mdl 32] LiveBook: 4 Games} Re8 (10... Ng4 {is more complex.} 11. Rf1 Nf6 12. Bb3 Re8 13. Re1 Ne7) 11. Nf1 Be6 12. Bxe6 Rxe6 13. Ng3 $146 ({Predecessor:} 13. Be3 Qd7 14. b5 Ne7 15. bxa6 bxa6 16. Bxa7 Rxa7 {1-0 (41) Kramnik,V (2811)-Adams,M (2761) Shamkir 2017 CBM 178 [Yermolinsky,A]}) 13... Ne7 14. d4 {[#] Black must now prevent d5.} Ng6 15. Qc2 c6 16. h3 Qc7 17. Be3 d5 18. Nxe5 Nxe5 19. dxe5 Qxe5 20. exd5 cxd5 {[%cal Ra7e3]} 21. Rad1 (21. Bxa7 $5 {[%cal Re1e5]} Qxe1+ 22. Rxe1 Rxe1+ 23. Kh2 Rxa7 24. Qd2 $11) 21... Bxe3 22. Rxe3 Qc7 {[#] Strongly threatening ...Rxe3.} 23. Nf5 Rae8 24. Qd3 Qf4 {White should prevent ...Re4.} 25. g3 Qc7 26. a5 Rxe3 27. Nxe3 Qc6 28. Nxd5 (28. h4 {keeps more tension.} Re5 29. Qd4 Re4 30. Qd2 Re5 31. Qd3) 28... Nxd5 {The position is equal.} 29. Qxd5 $11 {[%mdl 4096] Endgame KQR-KQR} Re1+ $1 30. Kh2 Rxd1 31. Qxd1 Qxc3 {KQ-KQ} 32. Qd8+ Kh7 33. Qd5 Qxb4 34. Qf5+ Kg8 35. Qc8+ Kh7 36. Qf5+ Kg8 37. Qc8+ Kh7 {Precision: White = 55%, Black = 64%.} 1/2-1/2

[Event "6th Sinquefield Cup GCT 2018"]
[Site "Saint Louis"]
[Date "2018.08.21"]
[Round "4"]
[White "Caruana, Fabiano"]
[Black "Nakamura, Hikaru"]
[Result "1-0"]
[WhiteElo "2822"]
[BlackElo "2777"]
[Annotator "TA"]
[PlyCount "97"]
[EventDate "2018.08.18"]
[EventType "tourn"]
[EventCountry "USA"]
[SourceTitle "playchess.com"]
[Source "ChessBase"]
[SourceQuality "1"]

{[%evp 25,97,8,14,0,0,0,0,0,8,0,11,0,14,8,25,9,29,18,28,23,22,22,15,0,0,6,18,18,7,20,19,14,20,27,27,16,24,18,30,13,22,3,16,0,0,0,45,33,115,59,79,76,104,118,111,89,133,137,134,135,131,127,133,136,292,302,480,472,599,535,542,538,534,520]} 1. d4 Nf6 2. c4 e6 3. Nf3 d5 4. Nc3 Be7 5. g3 dxc4 6. Bg2 O-O 7. Ne5 Nc6 8. Bxc6 bxc6 9. Nxc6 Qe8 10. Nxe7+ Qxe7 11. Qa4 c5 12. dxc5 {E06: Katalanisch} Qxc5 13. Be3 Qc7 {[#] LiveBook: 21 Partien} 14. O-O-O $146 {Die Stellung ist ausgeglichen.} ({Vorgänger:} 14. O-O Nd5 15. Bd4 Bd7 16. Qa3 a5 17. Rad1 Nb4 18. Bc5 Qxc5 19. Rxd7 Rab8 {½-½ (46) Svidler,P (2763)-Nakamura,H (2780) Palma de Mallorca 2017}) 14... Ng4 15. Rd2 Nxe3 16. fxe3 Rb8 17. Rhd1 a5 18. Kb1 h6 19. Ka1 Rb4 20. Qc2 Rb8 21. Qe4 Bb7 22. Qd4 Ba8 23. e4 Rfc8 24. Qf2 {[#] Schwarz muss nun Td7 beachten.} Bc6 25. Qc5 Be8 26. Qxc7 Rxc7 27. Rd6 Kf8 28. Ra6 Rc5 29. Ra7 Rbc8 30. Kb1 Rh5 31. h4 Re5 32. Kc2 g5 33. Rf1 Kg7 34. Rb7 Kg6 35. Kd2 f5 36. hxg5 fxe4 ({Lieber} 36... Kxg5 $14 37. exf5 exf5) 37. Ke3 ({Günstiger ist} 37. gxh6 $16 e3+ 38. Kc1 Kxh6 39. Rh1+ Rh5 40. Rxh5+ Bxh5 41. Rb6) 37... Bc6 38. Re7 $36 {[%mdl 2048] zielt auf gxh6 ab. Schwarz steht unter starkem Druck.} Rxg5 39. Rxe6+ (39. Nxe4 $6 Bxe4 40. Rxe6+ (40. Kxe4 Rc6 $11) 40... Kg7 $11) 39... Kg7 40. Re7+ (40. Nxe4 $6 Bxe4 41. Re7+ (41. Rxe4 Rxg3+ 42. Kd4 c3 $11) (41. Kxe4 Rb5 $11) 41... Kg6 $11) 40... Kg6 41. Rd1 (41. Nxe4 $6 Bxe4 42. Re6+ (42. Rxe4 Rxg3+ 43. Kd4 c3 $11) (42. Kxe4 Rb5 $11) 42... Kg7 $11) 41... Kf6 {[#]} 42. Ra7 $1 Ke6 43. Rh1 ({Viel schlechter ist} 43. Nxe4 $6 Bxe4 44. Kxe4 Re5+ 45. Kf4 Rf8+ 46. Kg4 h5+ 47. Kh3 Rxe2 $11) 43... h5 44. g4 $1 {[%cal Rg4h5]} ({Jedoch nicht} 44. Nxe4 $6 Re5 $11) 44... Be8 $2 (44... Rh8 $16) 45. gxh5 $18 Bxh5 (45... Rxh5 {ist wohl besser.} 46. Rxh5 Bxh5 47. Rxa5 Be8) 46. Nxe4 {Weiß steht klar auf Gewinn.} ({Schwächer ist} 46. Ra6+ Kf7 $18) 46... Rf5 47. Ra6+ Ke7 48. Nd6 Re5+ 49. Kd4 {Precision: Weiß = 71%, Schwarz = 55%.} 1-0

[Event "6th Sinquefield Cup GCT 2018"]
[Site "Saint Louis"]
[Date "2018.08.21"]
[Round "4"]
[White "Mamedyarov, Shakhriyar"]
[Black "Aronian, Levon"]
[Result "1/2-1/2"]
[WhiteElo "2801"]
[BlackElo "2767"]
[Annotator "TA"]
[PlyCount "47"]
[EventDate "2018.08.18"]
[EventType "tourn"]
[EventCountry "USA"]
[SourceTitle "playchess.com"]
[Source "ChessBase"]
[SourceQuality "1"]

{[%evp 24,47,9,10,4,4,16,14,28,27,35,24,24,26,35,35,31,16,33,31,29,0,33,0,26,0]} 1. d4 Nf6 2. c4 e6 3. Nf3 d5 4. Nc3 Be7 5. Bf4 O-O 6. e3 Nbd7 7. c5 c6 8. Bd3 b6 9. b4 {D37: Queen's Gambit Declined: 5 Bf4} a5 10. a3 Ba6 11. O-O Qc8 12. h3 (12. Rb1 h6 13. h3 axb4 14. axb4 Qb7 15. Ne1 Rfc8 16. Qc2 Bd8 17. Bxa6 Rxa6 {0-1 (46) Rodshtein,M (2687)-Adams,M (2745) Germany 2016}) 12... Qb7 13. Qc2 {LiveBook: 24 Games} (13. Qe2 {keeps more tension.} Bxd3 14. Qxd3 Ra7 15. Rfb1 Rfa8 16. Qd1) 13... Bxd3 14. Qxd3 axb4 15. axb4 Rxa1 (15... Ra7 {is interesting.} 16. Rxa7 Qxa7 17. Rb1 Ra8 18. Qc2 Qb7) 16. Rxa1 {Qa6 is the strong threat.} Ra8 {[#]} 17. Qb1 $146 Rxa1 18. Qxa1 bxc5 19. bxc5 h6 20. Qb1 Qa8 21. Qa2 Qb7 $1 22. Qb1 Qa8 23. Qa2 Qb7 $1 24. Qb1 1/2-1/2

[Event "6th Sinquefield Cup GCT 2018"]
[Site "Saint Louis"]
[Date "2018.08.21"]
[Round "4"]
[White "So, Wesley"]
[Black "Karjakin, Sergey"]
[Result "1/2-1/2"]
[WhiteElo "2780"]
[BlackElo "2773"]
[Annotator "TA"]
[PlyCount "95"]
[EventDate "2018.08.18"]
[EventType "tourn"]
[EventCountry "USA"]
[SourceTitle "playchess.com"]
[Source "ChessBase"]
[SourceQuality "1"]

{[%evp 20,95,0,0,0,6,20,0,0,9,9,9,9,0,0,0,11,-11,16,0,22,0,-12,0,0,-11,-4,-8,0,-17,-25,-22,0,0,0,-24,0,0,0,0,8,0,2,0,0,0,0,-3,0,0,0,0,0,0,0,0,0,0,0,0,0,0,0,0,0,0,0,0,0,0,0,0,0,0,0,0,0,0]} 1. c4 Nf6 2. Nc3 e5 3. Nf3 Nc6 4. e3 Bb4 5. Qc2 Bxc3 6. Qxc3 Qe7 7. d4 {A28: Englische Eröffnung (Vierspringer-Variante)} (7. b3 O-O 8. Bb2 Re8 9. a3 a5 10. h3 b6 11. Be2 Bb7 12. O-O d5 13. cxd5 Nxd5 14. Qc2 e4 {1-0 (41) Caruana,F (2822)-Karjakin,S (2782) Stavanger 2018}) 7... Ne4 8. Qd3 exd4 9. Nxd4 O-O 10. Be2 Qb4+ 11. Kf1 {LiveBook: 11 Partien} Qe7 12. f3 Nc5 13. Qd2 a5 $146 ({Vorgänger:} 13... d6 14. Nxc6 bxc6 {1-0 (56) Homa,S (2285)-Eckert,D (2152) Chicago 2017}) 14. b3 d6 15. Nxc6 bxc6 16. Bb2 Re8 17. Kf2 Nd7 18. h4 h5 19. e4 Ne5 20. Rae1 a4 21. b4 a3 22. Ba1 f6 23. Rc1 Be6 24. Rc2 Ra4 25. c5 Rb8 26. cxd6 cxd6 27. Bc3 c5 28. bxc5 $1 {Die Stellung ist ausgeglichen.} dxc5 29. Rd1 Nc4 30. Bxc4 Rxc4 31. Ba1 Rxc2 32. Qxc2 Rd8 33. Rd3 Rxd3 34. Qxd3 Qd7 35. Qxd7 Bxd7 $11 {[%mdl 4096] Endspiel KL-KL} 36. Bc3 Be6 37. Bd2 Bxa2 38. Bc1 c4 39. Bxa3 c3 40. Ke3 Bc4 41. Kd4 Bf1 42. g3 Bg2 (42... c2 {feels hotter.} 43. Kc3 Bg2 44. Kxc2 Bxf3 45. Kd3 Bg2) 43. Kxc3 Bxf3 44. Kd4 Bg4 45. Kd5 Bf3 46. Kd4 Bg4 47. Kd5 Bf3 48. Kd4 {Precision: Weiß = 82%, Schwarz = 70%.} 1/2-1/2

[Event "6th Sinquefield Cup GCT 2018"]
[Site "Saint Louis"]
[Date "2018.08.21"]
[Round "4"]
[White "Anand, Viswanathan"]
[Black "Carlsen, Magnus"]
[Result "1/2-1/2"]
[WhiteElo "2768"]
[BlackElo "2842"]
[Annotator "TA"]
[PlyCount "107"]
[EventDate "2018.08.18"]
[EventType "tourn"]
[EventCountry "USA"]
[SourceTitle "playchess.com"]
[Source "ChessBase"]
[SourceQuality "1"]

{[%evp 21,107,20,12,11,11,6,21,19,14,4,19,20,10,28,50,34,47,32,35,26,34,0,0,-13,-22,-30,-35,-34,0,0,0,-7,-13,-28,-28,-42,-14,-23,-14,-10,-14,-9,0,-8,0,0,0,0,0,-4,13,13,13,9,9,14,11,7,8,0,2,2,2,2,2,2,8,0,0,0,0,0,0,0,0,0,0,0,8,8,8,8,8,8,8,8,8,0]} 1. e4 c5 2. Nf3 Nc6 3. Bb5 g6 4. Bxc6 dxc6 5. d3 Bg7 6. h3 Nf6 7. Nc3 O-O 8. Be3 b6 9. Qd2 e5 10. Bh6 {B31: Sicilian: 2...Nc6 3 Bb5 g6} Qd6 11. Bxg7 (11. O-O-O a5 12. g4 a4 13. Kb1 Be6 14. Ne2 b5 15. Ng3 Rfd8 16. Bxg7 Kxg7 17. Qg5 Nd7 {1-0 (30) Anand,V (2776)-Grischuk,A (2767) Moscow 2018}) 11... Kxg7 {LiveBook: 47 Games} 12. a4 Ne8 {[%cal Bf6e8,Be8c7,Bc7e6,Be6d4][%mdl 32]} 13. Nh2 $146 {[%cal Bf3h2,Bh2g4,Bg4e3][%mdl 32]} ({Predecessor:} 13. O-O Nc7 14. a5 f6 15. axb6 axb6 16. Rxa8 Nxa8 17. Ra1 Be6 {½-½ (25) Borwell,A (2279)-Dorer,M (2339) ICCF email 2015}) 13... Nc7 14. Ng4 f6 15. f3 Ne6 16. h4 Nd4 17. h5 g5 18. Ne3 Be6 19. Ne2 Kh8 20. Ng3 Rad8 21. Kf2 Qe7 22. Qd1 {[#]} c4 $1 {[%mdl 512]} 23. dxc4 f5 24. exf5 Nxf5 25. Ngxf5 Bxf5 26. Qe2 g4 27. Kg1 gxf3 28. Qxf3 {[#]} Bxc2 $1 {[%mdl 512]} 29. Qg3 $1 (29. Nxc2 Rxf3) 29... Bd3 30. Rh4 {The position is equal.} Rd4 31. Rg4 $1 Rxg4 32. Nxg4 e4 33. Qe5+ Qxe5 34. Nxe5 $11 {[%mdl 4096] Endgame KRB-KRN} Kg7 35. Rd1 Rd8 36. Nxc6 Re8 37. Kf2 e3+ 38. Ke1 Bxc4 {Threatens to win with ...Rf8.} 39. Rd4 Bf7 40. g4 {[%cal Bg2g4,Bg4g5][%mdl 32]} a5 41. b4 axb4 42. Rxb4 Be6 43. g5 Bf7 44. h6+ Kg6 45. Rb5 {Black must now prevent Ne5+.} Ba2 46. Re5 Rxe5 47. Nxe5+ Kxg5 {...Be6 is the strong threat. KB-KN} 48. Nd7 Bb3 49. Nxb6 {[#] next a5 is good for White.} Bxa4 $1 {[%mdl 512]} 50. Nxa4 Kxh6 51. Nc3 e2 52. Nxe2 Kg5 53. Ng3 h5 54. Nxh5 {Precision: White = 61%, Black = 75%.} 1/2-1/2

[Event "6th Sinquefield Cup GCT 2018"]
[Site "Saint Louis"]
[Date "2018.08.21"]
[Round "4"]
[White "Grischuk, Alexander"]
[Black "Vachier-Lagrave, Maxime"]
[Result "1/2-1/2"]
[WhiteElo "2766"]
[BlackElo "2779"]
[Annotator "TA"]
[PlyCount "50"]
[EventDate "2018.08.18"]
[EventType "tourn"]
[EventCountry "USA"]
[SourceTitle "playchess.com"]
[Source "ChessBase"]
[SourceQuality "1"]

{[%evp 25,50,16,47,12,8,0,8,8,7,7,8,5,12,28,37,0,0,0,0,0,0,0,0,0,0,0,0]} 1. e4 c5 2. Nf3 d6 3. d4 cxd4 4. Nxd4 Nf6 5. Nc3 a6 6. Bg5 e6 7. f4 h6 8. Bh4 Qb6 9. a3 Be7 {B96: Sicilian Najdorf: 6 Bg5 e6 7 f4, lines other than 7...Qb6 and 7...Be7} 10. Bf2 Qc7 11. Qf3 Nbd7 12. O-O-O b5 13. g4 {[%cal Bg2g4,Bg4g5][%mdl 32]} Bb7 {LiveBook: 28 Games} 14. h4 {White wants to play g5.} Nc5 {[%cal Rc5e4]} 15. Bd3 h5 16. g5 Ng4 17. Rhg1 {[#]} Qb6 $146 18. Kb1 b4 19. axb4 Qxb4 20. Rxg4 (20. Be1 $5 {[%cal Rc3b5]} Qb6 21. Rg3 $11) 20... hxg4 {The position is equal.} 21. Qxg4 Rb8 22. Na2 Qa4 23. Nc3 Qb4 {[#] Hoping for ...Bxe4!} 24. Na2 Qa4 25. Nc3 Qb4 1/2-1/2

[Event "6th Sinquefield Cup GCT 2018"]
[Site "Saint Louis"]
[Date "2018.08.22"]
[Round "5"]
[White "Carlsen, Magnus"]
[Black "So, Wesley"]
[Result "1/2-1/2"]
[WhiteElo "2842"]
[BlackElo "2780"]
[Annotator "TA"]
[PlyCount "102"]
[EventDate "2018.08.18"]
[EventType "tourn"]
[EventCountry "USA"]
[SourceTitle "playchess.com"]
[Source "ChessBase"]
[SourceQuality "1"]

{[%evp 24,102,0,0,15,0,0,0,78,64,71,35,34,34,34,31,45,41,41,0,0,0,17,0,0,0,0,7,25,0,0,0,0,0,0,0,0,0,0,0,0,0,0,0,0,0,0,0,0,0,0,0,0,0,0,0,0,0,0,0,0,0,0,0,0,0,0,0,0,0,0,0,0,0,0,0,0,0,0,0,0]} 1. d4 {Pelletier,Y} Nf6 2. c4 e6 3. Nf3 d5 4. Nc3 c5 5. e3 Nc6 6. cxd5 Nxd5 7. Bd3 Be7 8. O-O O-O 9. Qe2 b6 10. Rd1 cxd4 11. Nxd5 Qxd5 12. exd4 Bb7 13. Be4 {LiveBook: 3 Games. E14: Queen's Indian: Classical Variation (4 e3)} Qd6 {[#]} 14. g3 $146 ({Predecessor:} 14. d5 Nb4 15. Bg5 Rfe8 16. Bxe7 Rxe7 17. dxe6 Qxe6 18. Bxh7+ Kf8 19. Qxe6 Rxe6 20. Bf5 Re2 {1-0 (46) Pelletier,Y (2610)-Prusikin,M (2540) Switzerland 2005 CBM 109 [Pelletier,Y]}) 14... Bf6 15. Bg5 Qe7 (15... Bxg5 $11 {remains equal.} 16. Nxg5 h6) 16. Bxf6 $16 Qxf6 17. Ne5 (17. Rac1 $5 {[%cal Re4c6]} Rac8 18. Rc2 $14) 17... Rfc8 $1 18. Qb5 {[%cal Re4c6]} Na5 $1 19. Bxb7 Nxb7 20. Qd7 Nc5 $1 {[%cal Rc5d7]} 21. dxc5 (21. Qxf7+ $5 Qxf7 22. Nxf7 Kxf7 23. dxc5 $14) 21... Qxe5 22. c6 h5 23. Rd6 Qxb2 24. Rad1 Qc2 25. h4 Rd8 26. Qxd8+ (26. Qb7 {is interesting.} Qxd1+ 27. Rxd1 Rxd1+ 28. Kg2 Rdd8 29. Kf3) 26... Rxd8 {The position is equal.} 27. Rxd8+ $11 {[%mdl 4096] Endgame KQ-KRR} Kh7 28. R8d7 a5 29. c7 {[#] aiming for Kg2.} b5 $1 30. R1d2 Qc1+ $1 31. Rd1 Qc2 32. R1d4 f6 33. Rd2 Qc1+ 34. Rd1 Qc2 35. R1d6 Qb1+ $1 36. Rd1 Qc2 37. R1d6 Qb1+ $1 38. Kg2 Qe4+ 39. Kh2 Qc2 40. Rd2 Qc3 41. R2d6 {[#] Hoping for Kg2.} Qc2 42. Rd2 Qc3 43. Re2 e5 44. Red2 b4 45. R2d6 {Strongly threatening Rxf6.} Kg6 46. Kg2 Qc2 47. Re7 {And now Rdd7 would win.} Qe4+ 48. Kg1 Qe1+ 49. Kg2 Qe4+ 50. Kg1 Qe1+ 51. Kg2 Qe4+ {Precision: White = 61%, Black = 82%.} 1/2-1/2